000 00488nam a2200133 a 4500
008 120416s1971 ||||||||||||||||| || u
050 _aHB 601 Sch
100 _aSchultze, Charles L
245 1 0 _aNational income analysis
250 _a3rd ed.
260 _aEnglewood Cliffs
_bFT Prentice-Hall
_c1971
350 _a0.00
995 _D0.00
_FCBU-MAIN LIBRARY (Kitwe)
_H1
_I0.00
_M1
_UAVAILABLE
_WOct 9, 2006
_ZMain Library Open Access Collection
999 _c51943
_d51943